Novela zákona o dani z príjmov č. 341/2016 Z. z. účinná od 1. januára 2017

Novelou zákona č. 595/2003 Z. z. o dani z príjmov v z. n. p. je s účinnosťou od 1. 1. 2017 novela č. 341/2016 Z. z. Hlavným zámerom tejto novely, ktorý je premietnutý v najväčšom počte úprav, a v procese jej prijímania vzbudil najväčšie ohlasy, je zavedenie zdaňovania podielov na zisku (dividend) a...

Descrizione completa

Salvato in:
Dettagli Bibliografici
Autore principale: Mezeiová, Viera
Altri autori: Horniaček, Peter
Natura: Capitolo di libro
Lingua:slovacco
Soggetti:
Tags: Aggiungi Tag
Nessun Tag, puoi essere il primo ad aggiungerne!!

MARC

LEADER 00000naa a2200000 4500
001 0227442
005 20170222111820.1
041 0 |a slo 
044 |a SK 
245 1 0 |a Novela zákona o dani z príjmov č. 341/2016 Z. z. účinná od 1. januára 2017  |c Viera Mezeiová, Peter Horniaček 
520 |a Novelou zákona č. 595/2003 Z. z. o dani z príjmov v z. n. p. je s účinnosťou od 1. 1. 2017 novela č. 341/2016 Z. z. Hlavným zámerom tejto novely, ktorý je premietnutý v najväčšom počte úprav, a v procese jej prijímania vzbudil najväčšie ohlasy, je zavedenie zdaňovania podielov na zisku (dividend) a ostatných vymedzených príjmov, ktoré od veľkej daňovej reformy v roku 2004 neboli predmetom dane. 
610 2 0 |a dane z príjmov 
610 2 0 |a zákony 
610 2 0 |a novelizácia 
610 2 0 |a Slovensko 
100 1 |a Mezeiová, Viera 
700 1 |a Horniaček, Peter